00959nam a2200241 4500010001300000020002200013035001300035037001600048040001200064082002300076100001600099245003900115260005100154270005000205300003600255500004900291650002200340650002400362942003200386999001900418952014000437952014000577 aB-017732 a8176481408c00.00 aB-017732 aCen Lib/Ret aDPLbEN a615.321095453bGHO aGhosh, G.K. aHerbs of Manipur /cby G. K. Ghosh aNew Delhib A.P.H. Publishing Corprationc2000 a5, Ansari Road, Darya GanjbNew Delhie110002 a2 v. (v 1. 619 ; v 2. 621-1164) a2 v. ; v 1. (available) ; v 2. (available). aPlants, Medicinal aMedicine, Ayurvedic 2ddccENh615.321095453mGHO c136424d136424 00103v.140718REFaLbLd2016-03-02eCen Lib/Retg0.00l0o615.321095453 GHOpB-017732r2016-03-02 00:00:00t1v0.00w2016-03-02yEN 00103v.240718REFaLbLd2016-03-02eCen Lib/Retg0.00l0o615.321095453 GHOpB-017733r2016-03-02 00:00:00t2v0.00w2016-03-02yEN